| 000 | 008240am a2200241 004500 | ||
|---|---|---|---|
| 003 | EG-GiCUC | ||
| 008 | 070731s1954 ua g 000 0 ara d | ||
| 040 |
_aEG-GiCUC _bara _cEG-GiCUC |
||
| 043 | _aa-le--- | ||
| 050 | 4 |
_aNP6014 _bA32 |
|
| 092 | 0 | 4 |
_a330.9566 _bB138 _221 |
| 099 |
_a04 _a330.9566 B138 |
||
| 100 | 1 |
_aبدر : البرت.ى : _d1912- |
|
| 245 | 1 | 0 |
_aمحاضرات فى الاقتصاد اللبنانى / _cالقاها البرت بدر |
| 260 |
_aالقاهرة : _bدار النهضة العربية : _c1954 |
||
| 300 |
_a83ص ؛ _c24سم |
||
| 651 | 7 |
_aلبنان _xاحوال اقتصادية _2qrmak |
|
| 902 | _a1 | ||
| 905 |
_aعبير _eمدخل |
||
| 905 |
_aمنى _eمراجع |
||
| 942 |
_2ddc _cBK |
||
| 999 |
_c101179 _d101179 |
||